000 00333nam a2200145Ia 4500
008 210210b1916 xxu||||| |||| 00| 0 eng d
041 _aeng
082 _a825/1141
100 _aROSSETTI
245 _aBenson
260 _aLondon
_bMacmillan & Co. Ltd.
_c1916
650 _aBenson
690 _aEnglish Criticism
906 _a015454
999 _c134824
_d134824